|
|
|
|
| LEADER |
00000nam0a2200000 4500 |
| 001 |
340500 |
| 005 |
20231102005239.0 |
| 035 |
|
|
|a (RuTPU)RU\TPU\book\367401
|
| 090 |
|
|
|a 340500
|
| 100 |
|
|
|a 20180330d1967 k y0gery50 ba
|
| 101 |
0 |
|
|a ger
|
| 102 |
|
|
|a HU
|
| 105 |
|
|
|a a z 001zy
|
| 200 |
1 |
|
|a Polarographie. Mit Besonderer Berücksichtigung der Klassischen Methoden
|f bearbeitet von J. Proszt, V. Cieleszky, K. Gyorbiro
|
| 210 |
|
|
|a Budapest
|c Akademiai Kiado
|d 1967
|
| 215 |
|
|
|a 587 p.
|c il.
|
| 320 |
|
|
|a Namenregister: p. 563-587
|
| 606 |
1 |
|
|a Полярография производная
|2 stltpush
|3 (RuTPU)RU\TPU\subj\50824
|9 69458
|
| 610 |
1 |
|
|a полярографический анализ
|
| 610 |
1 |
|
|a полярографический метод
|
| 610 |
1 |
|
|a изменения
|
| 610 |
1 |
|
|a измерительное оборудование
|
| 610 |
1 |
|
|a токи
|
| 610 |
1 |
|
|a адсорбция
|
| 610 |
1 |
|
|a максимумы
|
| 610 |
1 |
|
|a электролиз
|
| 610 |
1 |
|
|a амперометрическое титрование
|
| 610 |
1 |
|
|a осциллографическая полярография
|
| 610 |
1 |
|
|a неорганические соединения
|
| 610 |
1 |
|
|a органические соединения
|
| 610 |
1 |
|
|a немецкий язык
|
| 610 |
1 |
|
|a библиотека А. Г. Стромберга
|
| 675 |
|
|
|a 543.552
|v 4
|
| 702 |
|
1 |
|a Proszt
|b J.
|4 340
|
| 702 |
|
1 |
|a Cieleszky
|b V.
|4 340
|
| 702 |
|
1 |
|a Gyorbiro
|b K.
|4 340
|
| 801 |
|
1 |
|a RU
|b 63413507
|c 20180330
|
| 801 |
|
2 |
|a RU
|b 63413507
|c 20180524
|g RCR
|
| 942 |
|
|
|c BK
|